Deux essais sur le marxisme. /
Guardado en:
| Autor Principal: | |
|---|---|
| Formato: | Libro |
| Idioma: | French |
| Publicado: |
Paris :
Génin,
1955.
|
| Etiquetas: |
Agregar Etiqueta
Sin Etiquetas, Sea el primero en etiquetar este registro!
|
| LEADER | 00428nam a22001575a 4500 | ||
|---|---|---|---|
| 001 | EUN.um009893 | ||
| 003 | AR-BaUNS | ||
| 005 | 20050623122854.0 | ||
| 008 | 041125s1955####fr############000#0#fre#d | ||
| 245 | 1 | 0 | |a Deux essais sur le marxisme. / |c Jean Marchal. |
| 260 | |a Paris : |b Génin, |c 1955. | ||
| 300 | |a 257 p. | ||
| 100 | 1 | |a Marchal, Jean. | |
| 082 | 0 | 4 | |a 330.1 |
| 082 | 0 | 4 | |a 335.4 |
| 859 | |a Ar-BaUNS |b BIB. CENTRAL - Sector C |h 330.1 |i M332-1 |p 203/960 | ||
